000 00504nam a2200181Ia 4500
001 21093
005 20260306172854.0
008 260306t2007||||xx |||||||||||||| ||spa||
041 _aESP
082 _a344
_bP42A
100 _aPeña Cabrera Freyre, Alonso Raúl
_eAUT
245 0 _aDerecho penal parte general:
_bteoría del delito y de la pena y las consecuencias jurídicas
260 _c2007
300 _a1236 páginas :
_c24 cm.
650 _aGEN
654 _aCDE
942 _cLIB
_dJUS
_fJUS
_2ddc
_n
999 _c21093
_d21093